Central Library OPAC University of Rajshahi
Normal view MARC view

Entry Personal Name

Number of records used in: 2

001 - CONTROL NUMBER

  • control field: 653

003 - CONTROL NUMBER IDENTIFIER

  • control field: BD-RjUL

005 - DATE AND TIME OF LATEST TRANSACTION

  • control field: 20220111123006.0

008 - FIXED-LENGTH DATA ELEMENTS

  • fixed length control field: 220111|| aca||aabn | a|a d

040 ## - CATALOGING SOURCE

  • Original cataloging agency: BD-RjUL
  • Transcribing agency: BD-RjUL

100 ## - HEADING--PERSONAL NAME

  • Personal name: সাহা, প্রদীপ কুমার, কো-সুপারভাইজার

670 ## - SOURCE DATA FOUND

  • Source citation: Work cat.: (BD-RjUL)78306: নূরুজ্জামান, মো. আবুল কাশেম 247464, বাংলাদেশে গ্রামীণ জনগোষ্ঠীর আর্থ-সামাজিক উন্নয়নে ইউনিয়ন পরিষদের ভূমিকা :, ২০১৮